Normal view
MARC view
- Zahid Hussain
Entry Personal Name
001 - CONTROL NUMBER
- control field: 13333
003 - CONTROL NUMBER IDENTIFIER
- control field: NUST
005 - DATE AND TIME OF LATEST TRANSACTION
- control field: 20190125131700.0
008 - FIXED-LENGTH DATA ELEMENTS
- fixed length control field: 190125|| aca||aabn | a|a d
040 ## - CATALOGING SOURCE
- Original cataloging agency: NUST
- Transcribing agency: NUST
100 ## - HEADING--PERSONAL NAME
- Personal name: Zahid Hussain
670 ## - SOURCE DATA FOUND
- Source citation: Work cat.: (NUST): Zahid Hussain, The Relentless Rise of Islamic Militants in Pakistan – and How it Threatens the World the Scorpion’s Tail
